Music Quiz

Random Music or Artist Quiz

2-Word Songs by 2-Word Artists Quiz Stats

 Plays Quiz Updated Jul 29, 2016

Challenge
Share
Tweet
Score 0/26 Timer 05:00
7 Plays Today
% Correct
Karma Chameleon
88.5%
Free Bird
86.1%
Don’t Speak
85.1%
Comfortably Numb
80%
Tainted Love
78.9%
Iron Man
74.3%
Mr. Jones
72.1%
Chasing Cars
72%
Get Lucky
71.4%
Black Dog
70.5%
Talk Talk
70.4%
White Rabbit
67.1%
Two Princes
66.5%
% Correct
Brass Monkey
64.5%
Little Lies
63.3%
Even Flow
63.2%
Personal Jesus
62.7%
Psycho Killer
62.2%
Dr. Feelgood
62%
No Rain
59.9%
Sister Christian
59.1%
Hey Jealousy
57.2%
Broken Wings
56.4%
Runaway Train
55.9%
Love Bites
53%
Real World
43.1%

You're not logged in!

Compare scores with friends on all Sporcle quizzes.
Join for Free
OR
Log In

You Might Also Like...

Show Comments

Extras

Top Quizzes Today


Score Distribution

Your Account Isn't Verified!

In order to create a playlist on Sporcle, you need to verify the email address you used during registration. Go to your Sporcle Settings to finish the process.

Report this User

Report this user for behavior that violates our Community Guidelines.

Details: